| 000 | 01039cam a2200241 4500 | ||
|---|---|---|---|
| 001 | ABS68594 | ||
| 008 | 050126n2005 000 0 eng u | ||
| 035 | _a(Sirsi) u128629 | ||
| 100 | _aSharp, R. | ||
| 245 | _aSpecial report: auctions | ||
| 260 | _c2005 | ||
| 490 |
_aProperty Week _v70(2) 14 January 2005, 47-58(6) |
||
| 520 | _aThree articles looking at the auctions sector. "A piece of the auction" looks at how large agency firms are trying to move in to the auctions sector but experienced auctioneers are resisting moving to rival firms. "A chastening experience" describes the difficulty of breaking into the auctions market. The final article, "Virtual real estate", looks at how virtual auctions could become a reality through the government e-conveyancing programme. | ||
| 590 | _aABS | ||
| 590 | _aABS | ||
| 650 |
_aAuctioneering _96218 |
||
| 650 | _aPROPERTY-COMMERCIAL PROPERTY | ||
| 650 | _aRETAIL PROPERTY | ||
| 650 | _aINDUSTRIAL PROPERTY | ||
| 650 | _aLAND AUCTIONS | ||
| 690 | _aAUCTIONS | ||
| 942 | _n0 | ||
| 999 |
_c118493 _d118493 |
||